• 首页
  • 本馆介绍
  • 公告通知
  • 最新文献
  • 馆藏检索
  • 电子资源
  • 读者导购
  • 参考咨询
  • 我的图书馆
  • 登录
  • 详细信息显示
  • 放入我的书架
  • 预约/预借图书
  • 作者相关作品
  • 分类相关作品
  • 丛书相关作品
  • 出版社相关作品

书目信息

  • 表格格式
  • 工作单格式
  • 卡片格式
书名: The greatest story never told
作者: Michael K. Smith.
分册号:
分册名:
出版地: [Philadelphia] :
 
出版社: Xlibris
出版时间: c2001.
页数: 515 p. ;
开本: 22 cm.
丛书名:
中图分类号:
科图分类号:
其他分类号: K712.54
主题词:
电子资源:
000 01001cam a2200265 a 450
001 E0733445577
005 20070519091816.98
008 020705s2001 pau b 001 0 eng
010    @a2001116032
020    @a0738859796 (softcover).
020    @a0738859788 (hardcover).
040    @aDLC@cDLC@dDLC
050 00 @aE741@b.S635 2001
082 00 @a973@2 21
090    @aK712.54
099    @dK712.54@ex60
100 1  @aSmith, Michael K.
245 14 @aThe greatest story never told :@ba people’s history of the American empire, 1945-1999 / @cMichael K. Smith.
260    @a[Philadelphia] :@bXlibris,@cc2001.
300    @a515 p. ;@c22 cm.
504    @aIncludes bibliographical references (p. [477]-503) and index.
651  0 @aUnited States@xHistory@y1945-
906    @a7@bcbc@corignew@d2@encip@f20@gy-gencatlg
925 0  @aacquire@b1 shelf copy@xpolicy default
955    @apv24 2002-07-05 to HLCD@clh38 2002-08-24@dlk03 2002-08-27 to shelflisting@elk18 2002-08-27; to Dewey 08-27-02@aaa05 2002-09-28
    
    The greatest story never told : : a people’s history of the American empire, 1945-1999 / / Michael K. Smith.-[Philadelphia] : : Xlibris, , c2001.
    515 p. ; ; 22 cm.
    Includes bibliographical references (p. [477]-503) and index.
    
    ISBN 0738859796 (softcover).
    
●
相关链接 在E读中查询图书 在五车中查询图书 在当当中查询图书 在豆瓣中查询图书


正题名:greatest story never told     索取号:K712.54/x60         预约/预借

序号 登录号 条形码 馆藏地/架位号 状态 备注
1 10670   300106702   第二样本阅览室/ [索取号:K712.54/x60] 在馆    
2 10671   300106711   第四借阅区/ [索取号:K712.54/x60] 在馆    
唐山师范学院图书馆 欢迎您!
大连网信软件有限公司© 版权所有